000 00558nam a2200181Ia 4500
003 GCL
008 140319s9999 xx 000 0 ara d
040 _aGCL /
_cGCL
082 0 4 _a581.2
_bع ا
100 1 _aعمادالدين وصفى
245 1 0 _aاساسيات امراض النبات والتقنية الحيوية /
_cعمادالدين وصفى
260 _aالقاهرة :
_bالمكتبة الاكاديمية ،
_c1993
300 _a521 ص ؛
_c26 سم
490 _a
650 0 4 _aامراض
650 0 4 _aالنبات
942 _2ddc
_cBK
999 _c53095
_d53095